000 01007nam0a22002771 4500
001 rc\4898631
005 20260406110951.0
021 _aRU
_b[63-96839]
035 _a(NLR Aleph) 008832857
090 _a8293547
_c8293547
100 _a20130426d1963 |||y0rusy50 ca
101 1 _arus
_cger
102 _aRU
105 _aa z |||a|
200 1 _aЗлоключения озорника
_e[Повесть
_eДля мл. школьного возраста
_fПеревод с нем. В. Розанова
_gИл.: Г. Вальк]
210 _aМосква
_cДетгиз
_d1963
215 _a192 с.
_cил.
_d21
700 1 _8rus
_7ca
_aХольц-Баумерт
_bГ.
_f1927-
_gГерхард
_3RU\NLR\AUTH\7713652
_9123336
702 1 _4440
_aВальк
_bГ.О.
_f1918-1998
_gГенрих Оскарович
_3RU\NLR\AUTH\77115368
_998293
702 1 _aРозанов
_bВ.
_4730
801 0 _aRU
_bNLR
_gpsbo
801 1 _aRU
_bELAR
_2rusmarc
852 _aNLR
_j64-3/77
942 _cBOOK
980 _aNB